International law and policy review

Detalles Bibliográficos
Autor Corporativo: Nova Science Publishers
Formato: Electrónico Revista
Lenguaje:inglés
Publicado: Hauppage, N.Y. : Nova Science Publishers, Inc.
Materias:
Acceso en línea:Full text available from Research Library: 01/01/2011 to 04/30/2011

MARC

LEADER 00000nas a2200000 a 4500
001 ssj0001454280
003 WaSeSS
005 20200512172242.0
006 m d
007 cr n
008 101006c20119999nyufr p s | a0eng
010 |a  2010208026 
022 |y 2157-6262 
035 |a (WaSeSS)ssj0001454280 
037 |b Nova Science Publishers, Inc., 400 Oser Ave., Suite 1600, Hauppage, NY 11788-3619 
040 |a DLC  |b eng  |c DLC  |d DLC  |d OCLCF  |d DLC  |d OCLCO  |d AU@  |d COO  |d WaSeSS 
042 |a pcc  |a nsdp 
050 0 0 |a K9  |b .N84969 
082 1 0 |a 340  |2 14 
210 0 |a Int. law policy rev. 
222 0 |a International law and policy review 
245 0 0 |a International law and policy review  |h [electronic resource]. 
246 1 |i Title on cover of first issue:  |a Intertional law and policy review 
260 |a Hauppage, N.Y. :  |b Nova Science Publishers, Inc. 
310 |a Semiannual 
362 1 |a Began with v. 1, no. 1 (2011). 
506 |a License restrictions may limit access. 
588 |a Description based on: Vol. 1, no. 1 (2011); title from contents page. 
588 |a Latest issue consulted: Vol. 1, no. 1 (2011). 
650 0 |a International law  |v Periodicals. 
650 0 |a Policy sciences  |v Periodicals. 
650 7 |a International law.  |2 fast  |0 (OCoLC)fst00976984 
650 7 |a Policy sciences.  |2 fast  |0 (OCoLC)fst01068796 
655 0 |a Electronic journals. 
710 2 |a Nova Science Publishers. 
856 4 0 |z Full text available from Research Library: 01/01/2011 to 04/30/2011  |u https://search.proquest.com/publication/2034854